|
|
|
|
| LEADER |
00000nab a2200000 a 4500 |
| 001 |
vtls000789357 |
| 003 |
SK-MaSNL |
| 005 |
20260304103409.0 |
| 008 |
250429c2001 xo 0 slo |
| 015 |
|
|
|a SNBRB2002/04-11652
|
| 035 |
|
|
|a CLN000141012
|
| 035 |
|
|
|a urn:nbn:sk:snk-ab2tol
|
| 035 |
|
|
|a (urnnbn)urn:nbn:sk:snk:ar-a02xfe
|
| 035 |
|
|
|a (uuid)fa35bc4c-090e-45b1-9bd5-3696486ea0a7
|
| 040 |
|
|
|a SNKBUCL
|b slo
|c SNKBUCL
|e AACR2
|
| 041 |
0 |
|
|a slo
|
| 044 |
|
|
|a xo
|c SK
|
| 080 |
|
|
|a 159.928
|2 1997
|
| 080 |
|
|
|a 159.922.76
|2 1997
|
| 100 |
1 |
|
|a Dočkal, Vladimír,
|d 1952-
|4 aut
|9 5006
|
| 245 |
1 |
0 |
|a Postihnutí, nadaní a nadaní postihnutí
|c Vladimír Dočkal
|
| 504 |
|
|
|a Bibliogr. odkazy
|
| 504 |
|
|
|a Res. angl.
|
| 650 |
0 |
7 |
|a deti postihnuté nadané
|2 snkbucl
|9 1401678
|
| 650 |
0 |
7 |
|a talentované deti
|2 snkbucl
|9 68989
|
| 650 |
0 |
7 |
|a zdravotne postihnuté deti
|2 snkbucl
|9 1075
|
| 655 |
|
7 |
|a články z novín a časopisov
|2 snkbucl
|9 267496
|
| 773 |
0 |
|
|t Psychológia a patopsychológia dieťaťa
|g Roč. 36, č. 2 (2001), s. 99-107
|x 0555-5574
|
| 850 |
|
|
|a Slovenská národná knižnica
|
| 852 |
|
|
|a Slovenská národná knižnica
|
| 954 |
|
|
|a odborná, vedecká literatúra pôvodná (slovenská)
|2 lita
|
| 958 |
|
|
|a article2022
|
| 958 |
|
|
|a SK
|
| 958 |
|
|
|a NB
|
| 958 |
|
|
|a OND
|
| 958 |
|
|
|a EUIPO
|
| 992 |
|
|
|a RBX
|
| 999 |
|
|
|c 2848839
|d 2850769
|